000 00549nam a22001697a 4500
005 20251108164302.0
008 250721s1982 xx 000 0 ara d
082 1 4 _a796.323/عبد
100 1 _aعبد الجواد، حسن
245 1 0 _aكرة السلة :
_bالمبادئ الأساسيه - الألعاب الإعداديه - القانون الدولي /
250 _aط.5.
264 1 _aبيروت :
_bدار العلم للملايين،
_c1982.
300 _a160ص.
650 1 7 _aكرة السلة
942 _2ddc
_cBK
999 _c8375
_d8375